Multiple Choice City Quiz – Cleveland - Statistics

General Stats
  • This quiz has been taken 9,390 times
    9,372 since last reset
  • The average score is 6 of 10
Answer Stats
Question Answer % Correct
On which Great Lake would you find Cleveland? Erie
74%
What infamous event happened in Cleveland in 1969? The Cuyahoga River caught fire
74%
What company was founded in Cleveland by J. D. Rockefeller? Standard Oil
70%
Cleveland is home to the ______ Hall of Fame. Rock and Roll
66%
What superhero was invented in 1933 by Cleveland high school students Jerry Siegel and Joe Shuster? Superman
66%
Which of these movies took place in Cleveland? Major League
61%
What amusement park can be found in the nearby town of Sandusky? Cedar Point
56%
What TV show took place in Cleveland and had the song "Cleveland Rocks" as its theme song? The Drew Carey Show
48%
What suburb is named for the religious group that used to live there? Shaker Heights
46%
Which of these universities is based in Cleveland? Case Western Reserve
36%
No matching quizzes found
Score Distribution
Percent of People with Each Score
Percentile by Number Answered
Your Score History
You have not taken this quiz since the last reset